00673nam a22001937a 450000500170000001000150001702000260003203500140005803700130007208200110008510000180009624500790011426000340019327000570022730000250028450001350030970000190044470000160046320180922130630.0 aENG-124025 c795.00a9788183821131 aEN-107557 bDBAD/PUB a270.61 aNilofer Ahmad aHuman rights in islam /cby Nilofer Ahmad; Majdood Ahmad [and] Nurin Ahmad aNew Delhic2014bLotus Press  bNew Delhia4263/3, Ansari Raod, Darya Ganj, e110002 axvii,284p.c21(pbk.) aIt includes Annexure 1 : Universla Islamic Declaration of Human Rights, Glossary of Arabic Terms, Abbreviations Used, Bibliography aMajdood Ahmad  aNurin Ahmad